000 00527nam a22002177a 4500
003 UA-OsUOA
001 38499
007 ta
008 20060512b un ||||| |||| 00| 0 ukr d
100 _aСамохіна Світлана
090 _a32
_bС11
942 _cSA
040 _aUA-OsUOA
_bukr
_cUA-OsUOA
_dUA-OsUOA
245 _aВікно в бізнес: молодіжний ракурс
300 _a6-7 с.
955 _a0
041 _aukr
080 _a32
773 0 _w38498
650 7 _a32 Політика
_2UDC
999 _c324643
_d324643